000 005990000a22001810004500
003 MACL
005 20160503104621.0
008 160503b xxu||||| |||| 00| 0 eng d
040 _aMACL
_cMACL
041 _aHindi
082 _a800 PAN
100 _aपाण्‍डेय पृथ्‍वीनाथ
_917528
245 _aभारतीय चिन्‍तक
_cपृथ्‍वीनाथ पाण्‍डेय
260 _bउमेश प्रकाशन
_c1999
_aइलाहाबाद
350 _a150
650 _aLiterature
_954877
942 _cHIN
_k800/PAN/L
_2ddc
999 _c10927
_d10927